| Tag |
First Indicator |
Second Indicator |
Subfields |
| LEADER |
00000cem a22000007a 4500 |
| 001 |
in00002782047 |
| 005 |
20150922104410.0 |
| 007 |
aj canzn |
| 008 |
120726s2005 kyu a 1 eng d |
| 034 |
1 |
|
|a a
|b 42000
|
| 040 |
|
|
|d UtOrBLW
|
| 052 |
|
|
|a 4084
|b D2
|
| 090 |
|
|
|a G4084.D2 2005
|b .E5
|
| 110 |
2 |
|
|a Engels Maps (Firm)
|
| 245 |
1 |
0 |
|a Dayton :
|b regional street map.
|
| 246 |
3 |
|
|a Dayton Ohio regional street map.
|
| 246 |
3 |
|
|a Regional street map
|
| 255 |
|
|
|a Scale [ca. 1:42,000]
|
| 264 |
|
1 |
|a [Fort Wright, Ky.] :
|b Engels Maps, Inc.,
|c [2005?]
|
| 300 |
|
|
|a 1 map :
|b color ;
|c 122 x 92 cm., folded to 23 x 12 cm.
|
| 336 |
|
|
|a cartographic image
|b cri
|2 rdacontent
|
| 337 |
|
|
|a unmediated
|b n
|2 rdamedia
|
| 338 |
|
|
|a sheet
|b nb
|2 rdacarrier
|
| 500 |
|
|
|a Panel title.
|
| 500 |
|
|
|a Shows streets, roads, public buildings, zip codes, and points of interest.
|
| 500 |
|
|
|a Includes street index, inset maps of airport and downtown Dayton.
|
| 500 |
|
|
|a "2/2005."
|
| 500 |
|
|
|a Cartographic material.
|
| 651 |
|
0 |
|a Dayton (Ohio)
|v Maps.
|
| 650 |
|
0 |
|a Roads
|z Ohio
|z Dayton
|v Maps.
|
| 710 |
2 |
|
|a Target Marketing (Firm)
|
| 948 |
|
|
|a needs original cataloging
|c 2012/7/26
|e agaffey
|
| 999 |
|
|
|a MARS
|
| 999 |
f |
f |
|s a29f1235-d158-39ed-adc6-2b98747e3227
|i 267a0372-f239-31aa-a518-8ed202473fe2
|t 0
|
| 952 |
f |
f |
|p normal
|a Texas A&M University
|b College Station
|c Sterling C. Evans Library
|d Evans: Maps (2nd floor)
|t 0
|e G4084.D2 2005 .E5
|h Library of Congress classification
|i unmediated -- sheet
|m A14837049804
|
| 998 |
f |
f |
|a G4084.D2 2005 .E5
|t 0
|l Evans: Maps (2nd floor)
|